00410nam a2200181Ia 4500008004100000020001800041050001400059100001900073245001800092245001900110260001500129260001600144260000900160300001400169300002700183300001000210500000800220170918s9999 xx 000 0 und d a9780439761123 bG174 2005 aGalloway, Ruth aClumsy crab / cRuth Galloway. aNew York : bScholastic, c2005 aunpaged : bcolored illustration ; c23cm. a680